Orang bukan Islam di bawah Undang-undang Syariah

Bibliographic Details
Main Author: Abdul Rahman I.Doi
Format: Book
Published: Kuala Lumpur : DBP , 1992
Subjects:

MARC

LEADER 00000cam a2200000 7i4500
001 0000004841
002 000005218
005 20000330.0
020 |a 9836225064 
090 0 0 |a 297.14   |b ABD 
100 0 |a Abdul Rahman I.Doi 
245 1 0 |a Orang bukan Islam di bawah Undang-undang Syariah   |c A.Rahman I.Doi 
260 |a Kuala Lumpur :   |b DBP ,   |c 1992 
300 |a 199p. ;   |c 23cm. 
650 0 0 |a Phimmis 
650 0 0 |a Syaria   |x Islamic law 
999 |a 033490   |b BUKU   |c PINJAMAN   |e PERPUSTAKAAN KOMUNITI PETALING JAYA